| 000 | 00000nam##2200000za#4500 |
| 001 | 9.602671 |
| 003 | CaOODSP |
| 005 | 20210624210704 |
| 007 | cr ||||||||||| |
| 008 | 150406|2002||||xxc|||||o f|0| 0 fre|d |
| 040 | |aCaOODSP|bfre |
| 043 | |an-cn--- |
| 086 | 1 |aNH18-22/102-101F-PDF |
| 110 | 2 |aSociété canadienne d'hypothèques et de logement. |
| 245 | 10|aLes tours d'habitation saines : |h[ressource électronique]|bguide pour la conception et la construction innovatrices d'immeubles résidentiels de grande hauteur |
| 246 | 3 |aLes tours d habitation saines : guide pour la conception et la construction innovatrices d immeubles résidentiels de grande hauteur |
| 260 | |aOttawa - Ontario : |bSociété canadienne d'hypothèques et de logement |c[2002]. |
| 300 | |a6p.|bfigures, photographies |
| 490 | 1 |aLe point en recherche. Série technique|v02-101 |
| 590 | |a11-29-Supp|b2011-11-25 |
| 691 | 07|aÉdifice public|2gcpds |
| 691 | 07|aIndustrie de la construction|2gcpds |
| 691 | 07|aInnovation technologique|2gcpds |
| 691 | 07|aLogement|2gcpds |
| 775 | 08|tHealthy high-rise : |w(CaOODSP)9.572293 |
| 776 | 0#|tLes tours d'habitation saines : guide pour la conception et la construction innovatrices d'immeubles résidentiels de grande hauteur |w(CaOODSP)9.625954 |
| 830 | #0|aLe point en recherche. Série technique ;|v02-101|w(CaOODSP)9.501067 |
| 856 | 40|ahttp://publications.gc.ca|qPDF|s614 Ko|uhttps://publications.gc.ca/collections/Collection/NH18-22-102-101F.pdf|y02-101 |
| 986 | |a62877 |